The analysis of contingency tables /
Guardado en:
| Autor Principal: | |
|---|---|
| Formato: | Libro |
| Idioma: | English |
| Publicado: |
London : New York :
Chapman and Hall ; Wiley,
1977.
|
| Series: | Monographs on applied probability and statistics
|
| Materias: | |
| Etiquetas: |
Agregar Etiqueta
Sin Etiquetas, Sea el primero en etiquetar este registro!
|
| LEADER | 00943cam a2200265 a 4500 | ||
|---|---|---|---|
| 001 | MAT.inmabb002733 | ||
| 008 | 770316s1977####enk######b####001#0#eng## | ||
| 005 | 20130226145910.0 | ||
| 245 | 1 | 4 | |a The analysis of contingency tables / |c B. S. Everitt. |
| 260 | |a London : |b Chapman and Hall ; |a New York : |b Wiley, |c 1977. | ||
| 300 | |a 128 p. ; |c 23 cm. | ||
| 440 | 0 | |a Monographs on applied probability and statistics | |
| 500 | |a "A Halsted Press book". | ||
| 500 | |a Basado parcialmente en: Analysing qualitative data / A. E. Maxwell. London : Methuen, 1961. | ||
| 504 | |a Bibliografía: p. [122]-125. | ||
| 510 | 4 | |a MR, |c 56 #4018 | |
| 020 | |a 0412149702 | ||
| 020 | |a 0470991445 | ||
| 100 | 1 | |a Everitt, Brian. | |
| 700 | 1 | |a Maxwell, A. E. |q (Albert Ernest) |t Analysing qualitative data. |4 ant | |
| 650 | 0 | |a Contingency tables. | |
| 084 | |a 62H17 |2 msc2000 | ||
| 010 | |a 77004244 | ||
| 040 | |a DLC |c DLC |d DLC | ||
| 859 | |h 62 |i Ev93 |p A-5189 |b BIB. MATEMATICA | ||
